Southville International School and Colleges
Your cart is empty.
  • Cart
  • Lists
    Public lists Eva Luna New books Lux_list list_1
    Your lists Log in to create your own lists
  • Log in to your account
  • Your cookies
  • Search history
Southville International School and Colleges
  • Advanced search
  • Recent comments
  • Most popular
  • Libraries

Log in to your account

Log in with GOOGLE


If you do not have an external account, but do have a local account, you can still log in:

  1. Home
  2. MARC view: Daisy is a mommy /
Normal view MARC view ISBD view

Daisy is a mommy / (Record no. 103703)

[ view plain ]
MARC details
000 -LEADER
fixed length control field 00578nam a2200181 a 4500
005 - DATE AND TIME OF LATEST TRANSACTION
control field 20140412111306.0
008 - FIXED-LENGTH DATA ELEMENTS--GENERAL INFORMATION
fixed length control field 010503s19uu xx 00 eng d
020 ## - INTERNATIONAL STANDARD BOOK NUMBER
International Standard Book Number 0-525-45722-4
050 ## - LIBRARY OF CONGRESS CALL NUMBER
Classification number TR(PS E
Item number Da14 1996
100 ## - MAIN ENTRY--PERSONAL NAME
Personal name Kopper, Lisa
245 ## - TITLE STATEMENT
Title Daisy is a mommy /
Statement of responsibility, etc Lisa Kopper.
260 ## - PUBLICATION, DISTRIBUTION, ETC. (IMPRINT)
Place of publication, distribution, etc New York :
Name of publisher, distributor, etc Dutton Children's Books,
Date of publication, distribution, etc 1996.
300 ## - PHYSICAL DESCRIPTION
Extent 1v. (unp.) ; ill.
520 ## - SUMMARY, ETC.
Summary, etc She is as busy as any new mom-but she still has time for some of her old tricks . . .
650 ## - SUBJECT ADDED ENTRY--TOPICAL TERM
Topical term or geographic name as entry element Children's stories
650 ## - SUBJECT ADDED ENTRY--TOPICAL TERM
Topical term or geographic name as entry element Mommies and babies-Stories
Holdings
Withdrawn status Lost status Damaged status Home library Current library Shelving location Date acquired Source of acquisition Cost, normal purchase price Total Checkouts Full call number Barcode Date last seen Price effective from Koha item type
      Elizalde Library Elizalde Library Teachers Reference Section 05/03/2001   285.00   TR(PS E Da14 1996 E5747 04/12/2014 04/12/2014 Books

Daisy is a mommy /

APA

Kopper L., . (1996). Daisy is a mommy. New York: Dutton Children's Books.

Chicago

Kopper Lisa, . 1996. Daisy is a mommy. New York: Dutton Children's Books.

Harvard

Kopper L., . (1996). Daisy is a mommy. New York: Dutton Children's Books.

MLA

Kopper Lisa, . Daisy is a mommy. New York: Dutton Children's Books. 1996.

  • Place hold
  • Print
  • Cite
  • Add to your cart (remove)
  • Save record
    BIBTEX Dublin Core MARCXML MARC (non-Unicode/MARC-8) MARC (Unicode/UTF-8) MARC (Unicode/UTF-8, Standard) MODS (XML) RIS
  • More searches
    Search for this title in:
    Other Libraries (WorldCat) Other Databases (Google Scholar) Online Stores (Bookfinder.com) Open Library (openlibrary.org)

Exporting to Dublin Core...

SOUTHVILLE LIBRARY

Southville International School and Colleges Library

1281 Tropical Ave. Cor. Luxembourg St., BF Homes International, Las Pinas City

Tel. No. 8256374 / 252358 Loc. 117/146

Powered by Koha